Pla per a la Immigració i la Ciutadania : gener 2002 gener 2002
Descripción Física:
60, [58] p. ; 30 cm
MARC
| LEADER | 00000nam a2200000Ia 4500 | ||
|---|---|---|---|
| 001 | 15085 | ||
| 008 | 160829s9999 xx 000 0 cat d | ||
| 080 | |a M-4-280 | ||
| 245 | |a Pla per a la Immigració i la Ciutadania : |b gener 2002 | ||
| 260 | |a [Barcelona] : |b Diputació de Barcelona, Xarxa de Municipis, [2002] | ||
| 300 | |a 60, [58] p. ; |c 30 cm | ||
| 650 | 0 | |a Pla per a la Immigració i la Ciutadania |9 25275 | |
| 650 | 0 | |a Immigrants |x Serveis socials |z Barcelona (Província) |9 36296 | |
| 650 | 0 | |a Pla per a la Immigració i la Ciutadania |9 25275 | |
| 651 | 0 | |a Barcelona (Catalunya : Província) |x Política social |9 53862 | |
| 710 | 1 | |a Barcelona (Catalunya : Província). |b Diputació |9 52408 | |
| 901 | |a Arxiu | ||
| 942 | |n 1 | ||
| 952 | |0 0 |1 0 |4 0 |6 M4280 |7 1 |9 43531 |a Arxiu |b Arxiu |d 2016-12-01 |l 0 |o M-4-280 |p 15085 |r 2016-12-01 00:00:00 |w 2016-12-01 |y ARXIU | ||
| 999 | |c 46077 |d 46077 | ||